000 00404nam a2200169Ia 4500
008 230524s9999 xx 000 0 und d
082 _a621.3821
_bHEM
100 _aK.B.Hemalata
245 0 _aPower System Analysis
250 _a1ST
260 _aNEW DELHI
_bScitech
_c2005
300 _aXB;475
500 _aQuantity Number: 4
650 _aElectrical
700 _a S.T.Jayashrista
942 _cBK
999 _c20392
_d20392